| 000 | 00476 a2200157 4500 | ||
|---|---|---|---|
| 020 | _a0471009741 | ||
| 040 | _aDLC | ||
| 082 | 0 | 4 | _a515 |
| 100 | 2 | _aShoaf-Grubbs, Mary Margaret. | |
| 245 | 1 | 0 |
_aDiscovering calculus with the graphing calculator _cMary Margaret Shoaf-Grubbs. |
| 260 |
_aNew York ; _aChichester : _bWiley, _c1996. |
||
| 300 |
_axiv, 204 p. : _bill. ; _c26 cm. |
||
| 650 | 0 |
_aCalculus _xData processing. |
|
| 650 | 0 | _aGraphic calculators. | |
| 942 |
_cBK _k515 SHO _2ddc |
||
| 999 |
_c7538 _d7538 |
||